Score 0/11 Timer 04:00
0 Plays Today
% Correct
Virginia
86.7%
Arkansas
83.3%
Texas
82.7%
Illinois
81.6%
California
80.7%
Georgia
78.2%
Massachusetts
77.6%
New York
75.9%
Tennessee
67.4%
Missouri
64.3%
Michigan
62.6%
Remove Ads.
Support Sporcle.
Get the best of Sporcle when you Go Orange. This ad-free experience offers more features, more stats, and more fun while also helping to support Sporcle. Thank you for becoming a member.

You're not logged in!

Compare scores with friends on all Sporcle quizzes.
OR
Log In

Show Comments

Extras

Top Quizzes Today


Score Distribution

Your Account Isn't Verified!

In order to create a playlist on Sporcle, you need to verify the email address you used during registration. Go to your Sporcle Settings to finish the process.

Report this User

Report this user for behavior that violates our Community Guidelines.

Details: